| 000 | 01382nam a2200361 a 4500 | ||
|---|---|---|---|
| 999 |
_c203762 _d203762 |
||
| 003 | BLK | ||
| 005 | 20250620124250.0 | ||
| 008 | 180411b bul|||||r ||||||| ||bul|| | ||
| 010 | _aKNG00213302000 | ||
| 020 | _a978-954-389-446-8 | ||
| 040 | _aBLK | ||
| 041 |
_aBUL _cBUL |
||
| 072 | 7 |
_2bullib _aН83 _xЧужда художествена литература Н |
|
| 080 |
_aФренска литература _b821.133.1 _x-31 _z821.133.1-31 |
||
| 100 |
_aШмит, Ерик-Еманюел _9284862 |
||
| 139 |
_aШмит, Ерик-Еманюел _bШ 78 |
||
| 245 | 1 | 0 |
_aЧовекът, който виждаше отвъд лицата _bРоман _cЕрик-Еманюел Шмит; прев. от фр. Гриша Александров Атанасов. |
| 257 | _aFRA | ||
| 260 |
_bЕра _c2017 _fСофия : Експертпринт |
||
| 300 |
_a303 с. _c20 см |
||
| 380 | _aX | ||
| 500 | _aОриг. загл. L'Homme qui voyait a travers les visages / Eric-Emmanuel Schmitt. | ||
| 653 | _aромани | ||
| 659 | _aН | ||
| 700 |
_aАтанасов, Гриша Александров _d1957- _9382230 |
||
| 852 | _aЦб 291565 | ||
| 856 | 4 | _qpdf | |
| 856 | 4 | _qpdf | |
| 942 |
_cKNG _n0 _036 |
||
| 944 |
_aCR _c16.10.2017 _lМинев Младен _k30530 |
||
| 944 |
_aED _c31.10.2017 _lф / _kЛюдмила_Стоянова |
||
| 999 | _d203762 | ||